[Event "SR 3. liga A2 2004/2005"]
[Site "?"]
[Date "2004.??.??"]
[Round "?"]
[White "Manak, Jozef"]
[Black "Slamena, Michal"]
[Result "1-0"]
[WhiteElo "2075"]
[BlackElo "2085"]
[Annotator "Hlohovec jun. - Piestany B"]
[PlyCount "89"]
[EventDate "2004.??.??"]

1. e4 e5 2. Nf3 Nc6 3. Bb5 a6 4. Ba4 Nf6 5. d4 Nxe4 6. O-O exd4 7. Re1 d5 8.
Nxd4 Bd6 9. g3 O-O 10. Nxc6 Qf6 11. Be3 Bc5 12. Nd4 Bg4 13. Qd3 b5 14. Bb3 Rae8
15. c3 c6 16. Nd2 Re5 17. Bd1 Bd7 18. Be2 Rfe8 19. Bf1 h5 20. N2f3 R5e7 21. Bg2
g5 22. Nd2 Bd6 23. Nxe4 dxe4 24. Qd2 Re5 25. Rad1 Rd5 26. Qc2 Bg4 27. Rd2 c5
28. Ne2 Rde5 29. Red1 Bf8 30. Rd5 Bf3 31. Bf1 h4 32. Rxe5 Rxe5 33. Rd2 Bxe2 34.
Rxe2 g4 35. Rd2 hxg3 36. hxg3 Qg6 37. Bg2 f5 38. Bf4 Re6 39. Qd1 Qf7 40. Bf1
Qh5 41. a4 Bh6 42. Rd8+ Kf7 43. Qd7+ Kf6 44. Rh8 Re7 45. Qd8 1-0

[Event "SR 3. liga A2 2004/2005"]
[Site "?"]
[Date "2004.??.??"]
[Round "?"]
[White "Hertel, Ondrej"]
[Black "Stepanovic, Branislav"]
[Result "0-1"]
[WhiteElo "1910"]
[BlackElo "2055"]
[Annotator "Hlohovec jun. - Piestany B"]
[PlyCount "50"]
[EventDate "2004.??.??"]

1. d4 Nf6 2. Nf3 g6 3. c4 Bg7 4. Nc3 d5 5. cxd5 Nxd5 6. e4 Nxc3 7. bxc3 O-O 8.
Bc4 c5 9. h3 Nc6 10. Bb2 cxd4 11. cxd4 Qa5+ 12. Qd2 Qxd2+ 13. Kxd2 Rd8 14. Ke3
Na5 15. Bb3 b6 16. g4 Ba6 17. Rac1 Rac8 18. Nd2 e5 19. Nf3 Bc4 20. d5 f6 21.
Rhd1 Bf8 22. Nd2 Bh6+ 23. Kf3 Bxb3 24. Rxc8 Bxd1+ 25. Kg2 Rxc8 0-1

[Event "SR 3. liga A2 2004/2005"]
[Site "?"]
[Date "2004.??.??"]
[Round "?"]
[White "Mihalik, Anton"]
[Black "Peska, Juraj"]
[Result "1/2-1/2"]
[WhiteElo "2030"]
[BlackElo "1845"]
[Annotator "Hlohovec jun. - Piestany B"]
[PlyCount "71"]
[EventDate "2004.??.??"]

1. e4 c5 2. Nc3 Nc6 3. g3 g6 4. Bg2 Bg7 5. d3 d6 6. Nge2 Bg4 7. h3 Bd7 8. O-O
Nf6 9. Kh2 O-O 10. Be3 Ne8 11. Qd2 Nc7 12. Bh6 Nd4 13. Bxg7 Kxg7 14. f4 Nxe2
15. Nxe2 Bc6 16. f5 Qd7 17. Rf2 f6 18. Raf1 d5 19. Qe3 d4 20. Qd2 e5 21. h4 Qe7
22. g4 gxf5 23. Ng3 Kh8 24. Nxf5 Qf7 25. Qh6 Qg6 26. Bh3 Ne6 27. Qd2 Nf4 28.
Rg1 Bd7 29. Qd1 Bxf5 30. gxf5 Qf7 31. b3 Rg8 32. Rff1 Rxg1 33. Rxg1 Rg8 34. Qe1
Rxg1 35. Qxg1 Qh5 36. Qg4 1/2-1/2

[Event "SR 3. liga A2 2004/2005"]
[Site "?"]
[Date "2004.??.??"]
[Round "?"]
[White "Kollarik, Gorazd"]
[Black "Gono, Pavol"]
[Result "1/2-1/2"]
[WhiteElo "1840"]
[BlackElo "1940"]
[Annotator "Hlohovec jun. - Piestany B"]
[PlyCount "41"]
[EventDate "2004.??.??"]

1. d4 c6 2. e4 d5 3. Nc3 dxe4 4. Nxe4 Nd7 5. Nf3 Ngf6 6. Nxf6+ Nxf6 7. Ne5 Bf5
8. c3 e6 9. Bd3 Bxd3 10. Qxd3 Be7 11. O-O O-O 12. Bg5 Rc8 13. Rfd1 Qc7 14. Qe2
Rfd8 15. Rd3 c5 16. Rad1 Rd5 17. Nf3 cxd4 18. Rxd4 Rcd8 19. Rxd5 Rxd5 20. Rxd5
Nxd5 21. Bxe7 1/2-1/2

[Event "SR 3. liga A2 2004/2005"]
[Site "?"]
[Date "2004.??.??"]
[Round "?"]
[White "Furjel, Andrej"]
[Black "Skocik, Jozef"]
[Result "1-0"]
[WhiteElo "2005"]
[BlackElo "1730"]
[Annotator "Hlohovec jun. - Piestany B"]
[PlyCount "109"]
[EventDate "2004.??.??"]

1. Nf3 Nf6 2. c4 c5 3. g3 g6 4. Bg2 Bg7 5. O-O O-O 6. Nc3 Nc6 7. d4 cxd4 8.
Nxd4 a6 9. h3 Qb6 10. Nb3 d6 11. Be3 Qc7 12. Rc1 Rd8 13. Nd5 Qb8 14. Nb6 Ra7
15. Nxc8 Rxc8 16. Bxa7 Qxa7 17. Qd2 Nh5 18. e3 Bh6 19. Kh2 Ne5 20. Qd5 Rc7 21.
c5 Nf6 22. Qd2 Rd7 23. Qc3 Bg7 24. cxd6 Rxd6 25. Qc8+ Bf8 26. Qxb7 Qxb7 27.
Bxb7 Nd3 28. Rcd1 Rb6 29. Rxd3 Rxb7 30. Rd8 Kg7 31. Ra8 Rb6 32. Rc1 e6 33. Rb1
Ne4 34. Kg2 Bd6 35. Rc8 Bb4 36. Rc2 a5 37. a3 a4 38. Nd4 Bxa3 39. Ra1 Bxb2 40.
Rxa4 Nf6 41. Nf3 Nd5 42. Ra7 Bf6 43. e4 Nb4 44. Rcc7 Nc6 45. Rxf7+ Kg8 46. Rab7
Nd8 47. Rxb6 Kxf7 48. e5 Be7 49. Nd2 Bc5 50. Rb5 Bd4 51. Ne4 Nc6 52. Rb7+ Ne7
53. Ng5+ Ke8 54. f4 h5 55. Nxe6 1-0

[Event "SR 3. liga A2 2004/2005"]
[Site "?"]
[Date "2004.??.??"]
[Round "?"]
[White "Filip, Frantisek"]
[Black "Moravcik, Marian"]
[Result "1/2-1/2"]
[WhiteElo "1825"]
[BlackElo "1995"]
[Annotator "Hlohovec jun. - Piestany B"]
[PlyCount "82"]
[EventDate "2004.??.??"]

1. e4 c5 2. Nc3 d6 3. Nge2 Nc6 4. Ng3 e6 5. d3 g6 6. Bg5 Qxg5 7. Nb5 Qd8 8. c3
a6 9. Na3 Bg7 10. Nc2 Nge7 11. h4 h5 12. Be2 b5 13. a3 Qb6 14. Rb1 a5 15. Ne3
Ba6 16. Bf3 Rb8 17. Ne2 b4 18. axb4 axb4 19. c4 Bb7 20. O-O Nd4 21. Nxd4 Bxd4
22. Nc2 Nc6 23. Qd2 Qd8 24. g3 Qf6 25. Nxd4 Nxd4 26. Bd1 Ra8 27. f4 O-O 28. Qe3
Ra5 29. Bf3 Nxf3+ 30. Qxf3 Qd4+ 31. Kh2 Ra2 32. Qe2 Rfa8 33. f5 exf5 34. exf5
Qe5 35. Qd2 Kg7 36. fxg6 fxg6 37. Rfe1 Qf6 38. Rf1 Qe5 39. Rfe1 Qf6 40. Rf1 Qe5
41. Rfe1 Qf6 {3xpozicia} 1/2-1/2

[Event "SR 3. liga A2 2004/2005"]
[Site "?"]
[Date "2004.??.??"]
[Round "?"]
[White "Curidlo, Jan"]
[Black "Barea, Michal"]
[Result "1/2-1/2"]
[WhiteElo "2100"]
[BlackElo "1715"]
[Annotator "Hlohovec jun. - Piestany B"]
[PlyCount "114"]
[EventDate "2004.??.??"]

1. e4 c5 2. Nf3 Nc6 3. d4 cxd4 4. Nxd4 Nf6 5. Nc3 d6 6. h3 a6 7. Be3 Bd7 8. Be2
e6 9. O-O Be7 10. f4 Qc8 11. Bf3 e5 12. Nde2 g6 13. a3 b5 14. Rc1 Rg8 15. Kh2
exf4 16. Nxf4 Ne5 17. Nfd5 Nxd5 18. Nxd5 Bd8 19. Bd4 Be6 20. b3 Qb7 21. c4 Rc8
22. Bxe5 dxe5 23. c5 Kf8 24. b4 Kg7 25. Qd2 Re8 26. Qc3 Bc7 27. Rfd1 Red8 28.
Rd3 Kf8 29. Rcd1 Bxd5 30. exd5 Bd6 31. Qe1 e4+ 32. Kh1 exd3 33. cxd6 Rxd6 34.
Rxd3 Rc2 35. Re3 Qc8 36. Qh4 Rc1+ 37. Kh2 Kg7 38. Qd4+ Kg8 39. Bg4 Qb8 40. Qe5
Rd8 41. Qxb8 Rxb8 42. d6 f5 43. Bf3 Rd8 44. Rd3 Rd7 45. Bd5+ Kg7 46. Be6 Rd8
47. d7 Re1 48. Rd6 Kf6 49. Bd5+ Ke7 50. Rxa6 Rxd7 51. Bc6 Rd6 52. Ra7+ Kf6 53.
Bxb5 h5 54. Kg3 Re4 55. Kf3 h4 56. Ra6 Ke5 57. Rxd6 Kxd6 1/2-1/2

[Event "SR 3. liga A2 2004/2005"]
[Site "?"]
[Date "2004.??.??"]
[Round "?"]
[White "Vach, Pavol"]
[Black "Hrubsa, Vladimir"]
[Result "0-1"]
[WhiteElo "2125"]
[BlackElo "1990"]
[Annotator "Senica B - Skalica"]
[PlyCount "70"]
[EventDate "2004.??.??"]

{65536kB. Pentium} 1. d4 Nf6 2. c4 e6 3. Nf3 b6 4. g3 Ba6 5. Qc2 d5 6. cxd5
exd5 7. Bg5 Bb4+ 8. Nc3 O-O 9. e3 Bxf1 10. Kxf1 Be7 11. Kg2 h6 12. Bxf6 Bxf6
13. Rhd1 Re8 14. Rac1 Qd7 15. Ne2 c6 16. Nf4 Rc8 17. Nd3 Qf5 18. Nde5 Qxc2 19.
Rxc2 Bxe5 20. Nxe5 f6 21. Ng6 Kf7 22. Nf4 Rd8 23. Nd3 Ke6 24. Rdc1 Kd6 25. f3
Re8 26. Kf2 a5 27. h4 g5 28. hxg5 hxg5 29. Rh1 Nd7 30. Rcc1 c5 31. dxc5+ bxc5
32. b3 a4 33. Rh7 axb3 34. axb3 Ra2+ 35. Kf1 Rxe3 0-1

[Event "SR 3. liga A2 2004/2005"]
[Site "?"]
[Date "2004.??.??"]
[Round "?"]
[White "Londin, Martin"]
[Black "Palka, Miroslav"]
[Result "0-1"]
[WhiteElo "1925"]
[BlackElo "2040"]
[Annotator "Senica B - Skalica"]
[PlyCount "66"]
[EventDate "2004.??.??"]

1. e4 c5 2. Nf3 d6 3. c3 Nf6 4. Bc4 Nc6 5. d3 g6 6. O-O Bg7 7. Re1 O-O 8. d4
cxd4 9. cxd4 d5 10. exd5 Nxd5 11. Nc3 Nb6 12. Bb3 Nxd4 13. Nxd4 Bxd4 14. Nb5
Bf6 15. Bh6 Bxb2 16. Bxf8 Qxf8 17. Rb1 Bf6 18. Nc7 Rb8 19. Qf3 Bd7 20. Bd5 Qd8
21. Rec1 Rc8 22. Qg3 Bf5 23. Bxb7 Rxc7 24. Rxc7 Bxb1 25. Rc1 Bxa2 26. Qa3 Qd2
27. h3 Bb2 28. Qxa2 Qxc1+ 29. Kh2 Qc7+ 30. g3 Qxb7 31. Qxb2 Qd7 32. h4 Nd5 33.
Qe5 Nf6 0-1

[Event "SR 3. liga A2 2004/2005"]
[Site "?"]
[Date "2004.??.??"]
[Round "?"]
[White "Skapikova, Lubica"]
[Black "Vepy, Ivan"]
[Result "0-1"]
[WhiteElo "2000"]
[BlackElo "1890"]
[Annotator "Senica B - Skalica"]
[PlyCount "82"]
[EventDate "2004.??.??"]

1. e4 e5 2. Nf3 d6 3. Bc4 Bg4 4. d3 Be7 5. Be3 Nc6 6. c3 Na5 7. Bb5+ c6 8. Ba4
b5 9. Bc2 Nf6 10. O-O O-O 11. Nbd2 d5 12. h3 Bh5 13. Qc1 Qc7 14. Nh2 Rad8 15.
f4 d4 16. cxd4 exd4 17. Bf2 Qxf4 18. Bxd4 Qc7 19. Ndf3 c5 20. Be5 Qb6 21. Qe3
Nc6 22. Bf4 Rfe8 23. Qf2 Nb4 24. Ne1 Nxc2 25. Qxc2 c4+ 26. Kh1 cxd3 27. Nxd3
Nxe4 28. Ne5 Bg6 29. Qe2 Bf6 30. Nhf3 Bxe5 31. Nxe5 f6 32. Qf3 fxe5 33. Be3 Qe6
34. Rfc1 Rf8 35. Qg4 Bf5 36. Qf3 Rd3 37. Kh2 Nd2 38. Qe2 Nc4 39. Bxa7 Qg6 40.
Bf2 Bxh3 41. g3 Rd2 0-1

[Event "SR 3. liga A2 2004/2005"]
[Site "?"]
[Date "2004.??.??"]
[Round "?"]
[White "Vogl, Zdenek"]
[Black "Fidericky, Milan"]
[Result "1-0"]
[WhiteElo "1880"]
[BlackElo "1940"]
[Annotator "Senica B - Skalica"]
[PlyCount "87"]
[EventDate "2004.??.??"]

1. e4 e5 2. Nf3 Nf6 3. Nxe5 d6 4. Nf3 Nxe4 5. d4 d5 6. Bd3 Bg4 7. O-O Be7 8.
Re1 f5 9. c4 O-O 10. Nc3 Nxc3 11. bxc3 Nc6 12. Qe2 Bxf3 13. gxf3 Bd6 14. c5 Be7
15. Qe6+ Kh8 16. Bxf5 Rf6 17. Qd7 Qf8 18. Bg4 Rxf3 19. Bxf3 Qxf3 20. Re3 Qf7
21. Qe6 Qh5 22. Re2 Rf8 23. h3 Qf3 24. Qe3 Qf5 25. Bd2 Qh5 26. Rae1 Rf3 27. Qe6
h6 28. Qg4 Qxg4+ 29. hxg4 Rf7 30. Kg2 Kg8 31. Kg3 Bd8 32. Re8+ Rf8 33. f4 Kf7
34. R8e6 Bf6 35. g5 hxg5 36. fxg5 Bd8 37. g6+ Kg8 38. Re8 b6 39. R1e6 Nb8 40.
Kg4 Nd7 41. Bg5 Bf6 42. c6 Nb8 43. Bxf6 gxf6 44. Kf5 1-0

[Event "SR 3. liga A2 2004/2005"]
[Site "?"]
[Date "2004.??.??"]
[Round "?"]
[White "Zisek, Jaroslav"]
[Black "Hrubsa, Marian"]
[Result "1/2-1/2"]
[WhiteElo "1770"]
[BlackElo "1775"]
[Annotator "Senica B - Skalica"]
[PlyCount "60"]
[EventDate "2004.??.??"]

1. c4 e6 2. Nc3 d5 3. d4 Nf6 4. Bg5 Nbd7 5. e3 Be7 6. Nf3 c6 7. Rc1 h6 8. Bh4
Ng4 9. Bg3 O-O 10. h3 Ngf6 11. Bd3 a6 12. O-O Nh7 13. e4 dxe4 14. Bxe4 Ng5 15.
Nxg5 Bxg5 16. f4 Bf6 17. Bf2 Nb6 18. b3 Re8 19. Be3 Re7 20. Rc2 Rd7 21. Rd2 a5
22. Bc2 a4 23. Ne4 Be7 24. Qe2 axb3 25. axb3 Bb4 26. Rd3 Ra2 27. Nc3 Ra3 28.
Ne4 Ra2 29. Nc3 Ra3 30. Ne4 Ra2 1/2-1/2

[Event "SR 3. liga A2 2004/2005"]
[Site "?"]
[Date "2004.??.??"]
[Round "?"]
[White "Pagac, Robert"]
[Black "Havlicek, Peter"]
[Result "1-0"]
[WhiteElo "1800"]
[BlackElo "1675"]
[Annotator "Senica B - Skalica"]
[PlyCount "111"]
[EventDate "2004.??.??"]

1. e4 e5 2. Nf3 Nc6 3. Bc4 Nf6 4. d3 d6 5. h3 h6 6. Be3 Be7 7. Nc3 a6 8. Qd2
Na5 9. Bb3 Nxb3 10. axb3 Be6 11. Ne2 Nd7 12. d4 c6 13. Ng3 f6 14. d5 cxd5 15.
exd5 Bf7 16. Nf5 Rg8 17. c4 Bg6 18. N3h4 Bh7 19. Qe2 Nf8 20. Qg4 g5 21. Nxh6
Rg7 22. Qh5+ Kd7 23. Qg4+ Ke8 24. O-O Qd7 25. N4f5 Bxf5 26. Nxf5 Rh7 27. Ng3
Rh4 28. Qxd7+ Kxd7 29. Nf5 Rh7 30. f3 Ng6 31. Kf2 Nh4 32. Nxh4 Rxh4 33. Rac1
Rc8 34. Bb6 f5 35. Rfe1 g4 36. hxg4 fxg4 37. Rh1 Rf8 38. Kg3 Rxh1 39. Rxh1 gxf3
40. gxf3 Bd8 41. Rh7+ Kc8 42. Bxd8 Rxd8 43. b4 Kb8 44. b3 Kc8 45. Kf2 Rf8 46.
Rh4 Kc7 47. Ke3 Kb6 48. f4 exf4+ 49. Rxf4 Rd8 50. Kd4 Kc7 51. Rf7+ Rd7 52.
Rxd7+ Kxd7 53. c5 Kc7 54. Kc4 Kd7 55. b5 dxc5 56. bxa6 1-0

[Event "SR 3. liga A2 2004/2005"]
[Site "?"]
[Date "2004.??.??"]
[Round "?"]
[White "Beran, Jan"]
[Black "Baumgartner, Milan"]
[Result "1-0"]
[WhiteElo "1690"]
[BlackElo "1710"]
[Annotator "Senica B - Skalica"]
[PlyCount "63"]
[EventDate "2004.??.??"]

1. d4 d5 2. c4 c6 3. Nc3 Bf5 4. e3 e6 5. Nf3 Bd6 6. Bd2 Bc7 7. Rc1 Ne7 8. a3
Qd6 9. h3 c5 10. cxd5 exd5 11. dxc5 Qxc5 12. Nd4 Nbc6 13. Nxf5 Nxf5 14. Nb5 Qb6
15. Nxc7+ Qxc7 16. Bb5 a6 17. Bxc6+ bxc6 18. Qc2 Ne7 19. Bb4 Rc8 20. Qc5 f6 21.
O-O Kf7 22. Rfe1 Rhd8 23. Ba5 Qe5 24. Bxd8 Rxd8 25. b4 Rc8 26. Re2 Qb8 27. e4
Qe5 28. Rd1 f5 29. f3 fxe4 30. fxe4 Rd8 31. Qf2+ Qf6 32. Qb6 1-0

[Event "SR 3. liga A2 2004/2005"]
[Site "?"]
[Date "2004.??.??"]
[Round "?"]
[White "Doucha, Ludvik"]
[Black "Halas, Miroslav"]
[Result "1-0"]
[WhiteElo "2130"]
[BlackElo "1830"]
[Annotator "Trnava B - Trnava C"]
[PlyCount "31"]
[EventDate "2004.??.??"]

1. e4 c6 2. d4 d5 3. Nd2 dxe4 4. Nxe4 Bf5 5. Ng3 Bg6 6. Nh3 h6 7. Bc4 e6 8. O-O
Nf6 9. Nf4 Bh7 10. Re1 Bd6 11. Bxe6 O-O 12. Bb3 Qc7 13. Nfh5 Nbd7 14. Qf3 Nxh5
15. Qxh5 Bg6 16. Qxg6 1-0

[Event "SR 3. liga A2 2004/2005"]
[Site "?"]
[Date "2004.??.??"]
[Round "?"]
[White "Uvacek, Radovan"]
[Black "Puchart, Vladimir"]
[Result "0-1"]
[WhiteElo "1735"]
[BlackElo "2085"]
[Annotator "Trnava B- Trnava C"]
[PlyCount "52"]
[EventDate "2004.??.??"]

1. e4 c5 2. Nc3 Nc6 3. Nf3 g6 4. g3 Bg7 5. Bg2 Nf6 6. O-O O-O 7. d4 cxd4 8.
Nxd4 Qb6 9. Nxc6 dxc6 10. Rb1 Ng4 11. Na4 Qa5 12. b3 Rd8 13. Qe1 Qh5 14. h4 Bd4
15. Be3 Bxe3 16. fxe3 b5 17. Nb2 Qc5 18. Nd1 Qxc2 19. Rb2 Qc1 20. Qc3 Qxc3 21.
Nxc3 Nxe3 22. Re1 Rd3 23. Ne2 Bg4 24. Bf1 Nxf1 25. Kxf1 Rad8 26. Kg2 Rd2 0-1

[Event "SR 3. liga A2 2004/2005"]
[Site "?"]
[Date "2004.??.??"]
[Round "?"]
[White "Hrusovsky, Frantisek"]
[Black "Mosny, Jaroslav"]
[Result "0-1"]
[WhiteElo "1620"]
[BlackElo "2045"]
[Annotator "Trnava B - Trnava C"]
[PlyCount "66"]
[EventDate "2004.??.??"]

1. e4 c5 2. Nf3 Nc6 3. d4 cxd4 4. Nxd4 Nf6 5. Nc3 e5 6. Ndb5 d6 7. Be2 a6 8.
Na3 b5 9. Nd5 Nxd5 10. exd5 Nd4 11. c3 Nxe2 12. Qxe2 Bb7 13. Qd3 Be7 14. O-O
O-O 15. Rd1 f5 16. f4 e4 17. Qh3 Rc8 18. Be3 Qe8 19. Rd2 b4 20. cxb4 Qa4 21.
Rad1 g6 22. Nb1 Bf6 23. Bd4 Qxb4 24. Bxf6 Rxf6 25. Nc3 Qb6+ 26. Kh1 a5 27. Qh4
Rf7 28. Qe1 Ba6 29. Qg1 Rb7 30. Qxb6 Rxb6 31. Kg1 Rb4 32. Ne2 e3 33. Rd4 Bxe2
0-1

[Event "SR 3. liga A2 2004/2005"]
[Site "?"]
[Date "2004.??.??"]
[Round "?"]
[White "Schmikli, Laszlo"]
[Black "Sulek, Viliam"]
[Result "1/2-1/2"]
[WhiteElo "2295"]
[BlackElo "2160"]
[Annotator "Velky Meder - Gabcikovo"]
[PlyCount "111"]
[EventDate "2004.??.??"]

1. e4 c5 2. c3 d5 3. exd5 Qxd5 4. Nf3 Nc6 5. Na3 Nf6 6. d4 cxd4 7. Nb5 Qd8 8.
Nbxd4 Bd7 9. Bg5 Qb6 10. Qb3 Nxd4 11. Nxd4 Qxb3 12. axb3 a6 13. O-O-O O-O-O 14.
Bc4 Ne4 15. Be3 e6 16. b4 Be7 17. f3 Nd6 18. Bd3 e5 19. Nc2 Kc7 20. Rhe1 Bb5
21. Bc5 Bg5+ 22. Be3 Bf6 23. Na3 Bxd3 24. Rxd3 Nf5 25. Rxd8 Rxd8 26. Bd2 b5 27.
c4 Nd4 28. Bc3 Kc6 29. Re4 h5 30. Kb1 Nb3 31. Re2 Nd4 32. Bxd4 exd4 33. cxb5+
axb5 34. Rc2+ Kb6 35. Rc5 d3 36. Rxb5+ Kc6 37. Rc5+ Kb7 38. Rc1 Rd4 39. b3 Rxb4
40. Ka2 Rb6 41. Rd1 Rd6 42. b4 Rd4 43. Kb3 Kb6 44. Nb1 Be7 45. Kc3 Rxb4 46. Nd2
Rh4 47. h3 Bb4+ 48. Kxd3 Bxd2 49. Rxd2 Kc6 50. Ke3 Ra4 51. Rd8 g6 52. Rf8 Ra7
53. g4 hxg4 54. fxg4 Kd6 55. Rd8+ Ke7 56. Rd3 1/2-1/2

[Event "SR 3. liga A2 2004/2005"]
[Site "?"]
[Date "2004.??.??"]
[Round "?"]
[White "Janko, Ladislav"]
[Black "Bors, Sandor"]
[Result "1-0"]
[WhiteElo "2200"]
[BlackElo "2140"]
[Annotator "Velky Meder - Gabcikovo"]
[PlyCount "73"]
[EventDate "2004.??.??"]

1. e4 e5 2. Nf3 Nc6 3. Bb5 a6 4. Ba4 Nf6 5. d3 d6 6. c3 Be7 7. Nbd2 Bg4 8. Nf1
b5 9. Bc2 O-O 10. Ng3 d5 11. h3 Be6 12. Ng5 Qd7 13. Nxe6 fxe6 14. O-O Bc5 15.
Qe2 Rae8 16. a4 b4 17. d4 exd4 18. e5 Ne4 19. Nxe4 dxe4 20. Qxe4 g6 21. a5 Nb8
22. Ba4 c6 23. Bh6 Rf5 24. g4 Rf7 25. Rad1 bxc3 26. bxc3 Qc7 27. cxd4 Ba7 28.
Rc1 Qxa5 29. Bxc6 Nxc6 30. Qxc6 Qd8 31. d5 exd5 32. e6 Rfe7 33. Bg5 Bb8 34.
Bxe7 Qxe7 35. Qd7 Qf8 36. f4 Rd8 37. e7 1-0

[Event "SR 3. liga A2 2004/2005"]
[Site "?"]
[Date "2004.??.??"]
[Round "?"]
[White "Ivan, Imrich ml"]
[Black "Puobis, Jozef"]
[Result "0-1"]
[WhiteElo "2020"]
[BlackElo "2060"]
[Annotator "Velky Meder - Gabcikovo"]
[PlyCount "68"]
[EventDate "2004.??.??"]

1. Nf3 d5 2. c4 d4 3. d3 Nc6 4. g3 e5 5. Bg2 Bd7 6. O-O Bd6 7. Ng5 Nf6 8. a3 a5
9. Nd2 O-O 10. Nge4 Nxe4 11. Nxe4 Be7 12. h4 h6 13. f4 f5 14. Nf2 Rb8 15. fxe5
Nxe5 16. Bf4 Ng6 17. Qd2 Nxf4 18. Qxf4 Bf6 19. Nh3 g5 20. hxg5 hxg5 21. Qd2 c5
22. Bd5+ Kg7 23. Kg2 Kg6 24. Rh1 Bc6 25. Bf3 Qe7 26. Raf1 Qe6 27. b3 Rh8 28.
Nf2 g4 29. Bxc6 Qxc6+ 30. Kg1 Bg5 31. Qxa5 Be3 32. Rh4 Rxh4 33. gxh4 g3 34. Qa7
Rg8 0-1

[Event "SR 3. liga A2 2004/2005"]
[Site "?"]
[Date "2004.??.??"]
[Round "?"]
[White "Kosar, Mikulas ml"]
[Black "Csefalvay, Stefan"]
[Result "0-1"]
[WhiteElo "2005"]
[BlackElo "1905"]
[Annotator "Velky Meder - Gabcikovo"]
[PlyCount "140"]
[EventDate "2004.??.??"]

1. e4 e6 2. d4 d5 3. Nc3 Nf6 4. Bg5 Be7 5. e5 Nfd7 6. Bxe7 Qxe7 7. Nf3 a6 8. a3
c5 9. Ne2 Nc6 10. c3 O-O 11. Ng3 f6 12. exf6 Nxf6 13. Bd3 e5 14. dxe5 Nxe5 15.
Nxe5 Qxe5+ 16. Qe2 Qxe2+ 17. Bxe2 Bg4 18. f3 Bd7 19. O-O-O Rfe8 20. Rhe1 g6 21.
Bd3 Kf7 22. Kd2 Bc6 23. Ne2 Ba4 24. Bc2 Bxc2 25. Kxc2 g5 26. Ng3 Kg6 27. Kd2
Rad8 28. Rxe8 Rxe8 29. Ne2 Nd7 30. Re1 Ne5 31. Kc2 Kf6 32. Ng3 Re7 33. Nh5+ Kg6
34. g4 Nc6 35. Rxe7 Nxe7 36. Kd3 Kf7 37. Ke3 Kg6 38. Ng3 h6 39. f4 gxf4+ 40.
Kxf4 Kf6 41. Nh5+ Ke6 42. Ng7+ Kf6 43. Ne8+ Ke6 44. h4 Ng6+ 45. Kg3 Ke5 46. h5
Ne7 47. Kh4 Kf4 48. Ng7 b6 49. b4 cxb4 50. axb4 a5 51. bxa5 bxa5 52. Ne6+ Kf3
53. Nc5 Kf4 54. Nd3+ Ke3 55. Nb2 Kf3 56. Na4 Kf4 57. Nc5 Nc6 58. Nd3+ Ke4 59.
Nf2+ Ke5 60. g5 a4 61. Ng4+ Ke6 62. g6 a3 63. Ne3 a2 64. Nc2 Kf6 65. Kg4 Ne5+
66. Kf4 Nc6 67. Ke3 Ne7 68. Kd4 Kg5 69. g7 Kxh5 70. g8=Q Nxg8 0-1

[Event "SR 3. liga A2 2004/2005"]
[Site "?"]
[Date "2004.??.??"]
[Round "?"]
[White "Vizvari, Ludovit"]
[Black "Kosar, Mikulas st"]
[Result "1-0"]
[WhiteElo "1795"]
[BlackElo "2075"]
[Annotator "Velky Meder - Gabcikovo"]
[PlyCount "85"]
[EventDate "2004.??.??"]

1. d4 Nf6 2. c4 d5 3. cxd5 Nxd5 4. e4 Nb6 5. Nc3 e6 6. Be3 Bb4 7. Nge2 Bd7 8.
a3 Be7 9. Ng3 O-O 10. Rc1 Bg5 11. f4 Bh6 12. Bd3 g6 13. O-O f5 14. Qb3 Kh8 15.
d5 Re8 16. Bd4+ Bg7 17. Bxg7+ Kxg7 18. Nb5 Na6 19. dxe6 Bxb5 20. Bxb5 Qd4+ 21.
Kh1 Nc5 22. Qc3 Qxc3 23. Rxc3 Nba4 24. Rc4 Rxe6 25. Bxa4 Nxe4 26. Rxc7+ Kh8 27.
Rxb7 Nc5 28. Rb4 h5 29. h4 Re3 30. Kh2 Rd8 31. Bc2 Rd2 32. Rc4 Ne6 33. Rd1 Rxd1
34. Bxd1 Re1 35. Bf3 Rb1 36. Bd5 Ng7 37. b3 Kh7 38. Rc7 Kh8 39. Rxa7 Rd1 40.
Ra8+ Kh7 41. Bg8+ Kh6 42. Bc4 Kh7 43. Ne2 1-0

[Event "SR 3. liga A2 2004/2005"]
[Site "?"]
[Date "2004.??.??"]
[Round "?"]
[White "Kubica, Adrian"]
[Black "Ivan, Imrich st"]
[Result "0-1"]
[WhiteElo "1950"]
[BlackElo "1785"]
[Annotator "Velky Meder - Gabcikovo"]
[PlyCount "110"]
[EventDate "2004.??.??"]

{65536kB. Pentium} 1. e4 e6 2. Nf3 d5 3. Nc3 d4 4. Ne2 c5 5. d3 Nc6 6. c3 e5 7.
Ng3 g6 8. Be2 Bg7 9. O-O h5 10. h4 Nh6 11. Qb3 Qb6 12. Bd1 Be6 13. c4 f6 14.
Nh2 O-O 15. f4 exf4 16. Bxf4 Ne5 17. Qxb6 axb6 18. Be2 Nhg4 19. Nf3 Nxf3+ 20.
gxf3 Ne5 21. a3 Ra6 22. Rfd1 Kh7 23. Kf2 Bh6 24. Bxh6 Kxh6 25. Bf1 Bd7 26. Ne2
g5 27. f4 Ng4+ 28. Kg3 gxf4+ 29. Nxf4 Ne3 30. Rd2 Rg8+ 31. Kh2 Rg4 32. Ng2 Nxg2
33. Rxg2 Rxh4+ 34. Kg1 Rg4 35. Rxg4 hxg4 36. Kg2 Kg5 37. Kg3 Ra8 38. Bg2 Re8
39. Rh1 f5 40. Rh7 Bc6 41. Bf1 f4+ 42. Kf2 Re6 43. Be2 Rg6 44. Bd1 Kf6 45. Rh4
Bd7 46. Be2 Kg5 47. Rh7 g3+ 48. Kg2 Bg4 49. Bxg4 Kxg4 50. Rf7 b5 51. cxb5 c4
52. dxc4 d3 53. Rxb7 f3+ 54. Kf1 Kf4 55. Rh7 g2+ 0-1

[Event "SR 3. liga A2 2004/2005"]
[Site "?"]
[Date "2004.??.??"]
[Round "?"]
[White "Vegh, Vince"]
[Black "Bott, Tamas"]
[Result "1-0"]
[WhiteElo "1670"]
[BlackElo "1625"]
[Annotator "Velky Meder - Gabcikovo"]
[PlyCount "107"]
[EventDate "2004.??.??"]

1. e4 e5 2. Nf3 Nc6 3. Bb5 Bc5 4. O-O Nge7 5. c3 a6 6. Ba4 O-O 7. d4 exd4 8.
cxd4 Bb6 9. d5 Na7 10. Nc3 d6 11. h3 f5 12. Bg5 h6 13. Bh4 g5 14. Bg3 f4 15.
Bh2 Ng6 16. Bb3 g4 17. hxg4 Bxg4 18. Qd3 Nh4 19. Bd1 Kh8 20. Na4 Nb5 21. Nxb6
cxb6 22. a4 Bxf3 23. Bxf3 Nxf3+ 24. Qxf3 Nd4 25. Qc3 Qf6 26. Kh1 Rac8 27. Qd3
f3 28. g3 Ne2 29. Rae1 Qxb2 30. Rb1 Qg7 31. Qe3 Rc3 32. Qxb6 Rfc8 33. Qxd6 Rc1
34. Rbxc1 Rxc1 35. Rxc1 Nxc1 36. e5 Ne2 37. Qf6 Qxf6 38. exf6 Nd4 39. g4 Kg8
40. Be5 Nb3 41. Kh2 Nc5 42. Kg3 b5 43. axb5 axb5 44. Kxf3 b4 45. Ke3 Nd7 46. f4
Kf7 47. Kd4 b3 48. Kc3 Nb6 49. d6 Nd5+ 50. Kxb3 Nxf6 51. Bxf6 Kxf6 52. Kc4 Ke6
53. Kc5 Kd7 54. f5 1-0

[Event "SR 3. liga A2 2004/2005"]
[Site "?"]
[Date "2004.??.??"]
[Round "?"]
[White "Sekera, Branislav"]
[Black "Vach, Pavol"]
[Result "1-0"]
[WhiteElo "2120"]
[BlackElo "2125"]
[Annotator "Modranka - Senica B"]
[PlyCount "153"]
[EventDate "2004.??.??"]

1. d4 Nf6 2. Nf3 e6 3. Bg5 d5 4. e3 c5 5. c3 Nc6 6. Bd3 Be7 7. O-O O-O 8. Nbd2
h6 9. Bh4 cxd4 10. exd4 Nd7 11. Bxe7 Qxe7 12. Rc1 Qf6 13. Bb5 e5 14. dxe5 Ndxe5
15. Nxe5 Nxe5 16. Nb3 a6 17. Be2 Be6 18. Nd4 Nc6 19. Bf3 Nxd4 20. Qxd4 Qxd4 21.
cxd4 Rac8 22. Rfe1 Rfd8 23. Kf1 Kf8 24. Ke2 Ke7 25. Kd2 Kd6 26. g3 Rxc1 27.
Rxc1 Rc8 28. Rc3 Rxc3 29. Kxc3 g5 30. Be2 Bc8 31. Bh5 Be6 32. Be2 Bc8 33. Bd3
f5 34. Be2 b6 35. Kd2 Ke6 36. Ke3 Kf6 37. Bd1 Bd7 38. Be2 Bc8 39. Bf1 Ke6 40.
Bg2 Kd6 41. Bf1 Ke6 42. Bd3 Kd6 43. h4 Ke6 44. hxg5 hxg5 45. Be2 Kf6 46. Kd2
Ke7 47. Kc3 Kf6 48. Kb4 Ke6 49. a4 Kd6 50. a5 Kc6 51. Bd3 b5 52. Be2 Kd6 53. f4
gxf4 54. gxf4 Bd7 55. Bh5 Bc6 56. Bf7 Bd7 57. Bg6 Kc6 58. Kc3 Kd6 59. Bh5 Kc6
60. Kd2 Kd6 61. Ke3 Ke7 62. Kf2 Kf6 63. Kg3 Bc6 64. Kh4 Bd7 65. Bf3 Be6 66. Kh5
Bf7+ 67. Kh6 Be6 68. Bh5 Bd7 69. Kh7 b4 70. Be2 Bc8 71. Kg8 Bb7 72. Kf8 Ke6 73.
Ke8 Bc6+ 74. Kd8 Ba4 75. Bxa6 Bb3 76. Bb5 Bc4 77. Bd7+ 1-0